Catálogo
 En Linea

La septuaginta en la investigación contemporanea / (Registro nro. 41504)

Detalles MARC
000 -CABECERA
campo de control de longitud fija 01156nam a2200265 a 4500
001 - NÚMERO DE CONTROL
campo de control 000042015
005 - FECHA Y HORA DE LA ÚLTIMA TRANSACCIÓN
campo de control 20201002035903.0
008 - DATOS DE LONGITUD FIJA--INFORMACIÓN GENERAL
campo de control de longitud fija 131030s1985 sp 000 0 spa d
020 ## - NÚMERO INTERNACIONAL ESTÁNDAR DEL LIBRO
Número Internacional Estándar del Libro 8400059387
040 ## - FUENTE DE LA CATALOGACIÓN
Centro catalogador/agencia de origen DO-SdBNP
Lengua de catalogación spa
Centro/agencia transcriptor BNPHU
082 ## - NÚMERO DE LA CLASIFICACIÓN DECIMAL DEWEY
Número de clasificación 221.48
Número de documento/Ítem I61
110 2# - ENTRADA PRINCIPAL--NOMBRE DE ENTIDAD CORPORATIVA
Nombre de entidad corporativa o nombre de jurisdicción como elemento de entrada International Organization for Septuagint and Cognate Studies.
Unidad subordinada Congress
Fecha del congreso/reunión o de la firma de un tratado (1983:26-27 agosto
Número del congreso/reunión o número de parte o sección 5º. :
Sede del congreso/Lugar de la reunión Salamanca, España)
9 (RLIN) 68963
245 13 - MENCIÓN DE TÍTULO
Título La septuaginta en la investigación contemporanea /
Mención de responsabilidad, etc. editado por Natalio Fernández Marcos.
260 ## - PUBLICACIÓN, DISTRIBUCIÓN, ETC.
Lugar de publicación, distribución, etc. Madrid :
Nombre del editor, distribuidor, etc. Instituto Arias Montano , C.S.I.C.,
Fecha de publicación, distribución, etc. 1985.
300 ## - DESCRIPCIÓN FÍSICA
Extensión 285 p. ;
Dimensiones 26 cm.
490 1# - MENCIÓN DE SERIE
Mención de serie Textos y estudios Cardenal Cisneros ;
Designación de volumen o secuencia 34
500 ## - NOTA GENERAL
Nota general Texto en inglés y alemán
504 ## - NOTA DE BIBLIOGRAFÍA, ETC.
Nota de bibliografía, etc. Incluye referencias bibliográficas y notas al pie de las páginas
630 04 - PUNTO DE ACCESO ADICIONAL DE MATERIA--TÍTULO UNIFORME
Título uniforme BÍBLIA
Nombre de parte o sección de la obra A. T.
Lenguaje de la obra GRIEGO
9 (RLIN) 68964
630 04 - PUNTO DE ACCESO ADICIONAL DE MATERIA--TÍTULO UNIFORME
Título uniforme BÍBLIA
Nombre de parte o sección de la obra A. T.
Subdivisión general CRÍTICA E INTERPRETACIÓN
9 (RLIN) 68965
700 12 - PUNTO DE ACCESO ADICIONAL--NOMBRE DE PERSONA
Nombre de persona Fernández Marcos, Fernández
Término indicativo de función/relación ed.
9 (RLIN) 68966
710 12 - PUNTO DE ACCESO ADICIONAL--NOMBRE DE ENTIDAD CORPORATIVA
Nombre de entidad corporativa o nombre de jurisdicción como elemento de entrada Consejo Superior de Investigaciones Científicas (España)
9 (RLIN) 15178
830 #0 - PUNTO DE ACCESO ADICIONAL DE SERIE-TÍTULO UNIFORME
Título uniforme Textos y estudios Cardenal Cisneros ;
Número de parte o sección de la obra 34
9 (RLIN) 68967
910 ## - DATOS DE OPCIÓN DEL USUARIO (OCLC)
Datos de opción del usuario Validado. Control de calidad MFF
Existencias
Estado de retiro Estado de pérdida Restricciones de uso No para préstamo Código de colección Localización permanente Ubicación/localización actual Ubicación en estantería Fecha de adquisición Número de inventario Total de préstamos Signatura topográfica completa Código de barras Fecha visto por última vez Precio válido a partir de Tipo de ítem Koha
      Excluido de préstamo Monografías: Libros y Folletos General General Depósito 30.10.2013 LF1   221.48 I61 42015-10 25.06.2020 25.06.2020 No se presta

Con tecnología Koha